Dynamic system in the sieve tubes of Hevea brasiliensis (Record no. 57469)

MARC details
000 -LEADER
fixed length control field 00552nam a2200217Ia 4500
100 ## - MAIN ENTRY--AUTHOR NAME
Personal name Thomas V
245 #0 - TITLE STATEMENT
Title Dynamic system in the sieve tubes of Hevea brasiliensis
260 ## - PUBLICATION, DISTRIBUTION, ETC. (IMPRINT)
Name of publisher Rubber Science
Year of publication 2019
300 ## - PHYSICAL DESCRIPTION
Number of Pages 199-207
650 ## - SUBJECT ADDED ENTRY--TOPICAL TERM
Topical Term Dynamic system
650 ## - SUBJECT ADDED ENTRY--TOPICAL TERM
Topical Term Hevea brasiliensis
650 ## - SUBJECT ADDED ENTRY--TOPICAL TERM
Topical Term Linear and chaotic patterns
650 ## - SUBJECT ADDED ENTRY--TOPICAL TERM
Topical Term Sieve tubes
650 ## - SUBJECT ADDED ENTRY--TOPICAL TERM
Topical Term Starch grains
700 ## - ADDED ENTRY--PERSONAL NAME
Personal name Gopal G
700 ## - ADDED ENTRY--PERSONAL NAME
Personal name Pramod S
700 ## - ADDED ENTRY--PERSONAL NAME
Personal name Rao K.S
700 ## - ADDED ENTRY--PERSONAL NAME
Personal name Shankar S
942 ## - ADDED ENTRY ELEMENTS (KOHA)
Koha item type Journals
Holdings
Withdrawn status Lost status Damaged status Not for loan Home library Current library Shelving location Date acquired Serial Enumeration / chronology Koha item type
      Journals RRII Library RRII Library Botany 17/12/2021 Volume 32, Issue 2 Journals